000
00325nam a2200109Ia 4500
008
171211s9999 xx 000 0 und d
245
2
_a
A Killer Chess Opening Repertoire - new enlarged edition
245
_c
Aaron Summerscale
260
_c
2010
650
_x
ANIMALS
856
_u
http://down.ebook777.com/042/9781906454180.pdf
999
_c
348502
_d
348502